| 000 | 00702cam a2200241 a 4500 | ||
|---|---|---|---|
| 001 | 597803 | ||
| 005 | 20180222034709.0 | ||
| 008 | 910429s1992 ilua b 001 0 eng | ||
| 010 | _a 91019228 | ||
| 020 | _a0256083762 | ||
| 040 |
_aDLC _cDLC _dDLC |
||
| 041 | _aeng | ||
| 043 | _an-us--- | ||
| 080 | _a336.73 ros | ||
| 082 | 0 | 0 |
_a336.73 ros _220 |
| 100 | 1 | _a58 | |
| 101 | _afin | ||
| 245 | 1 | 0 |
_aPublic finance / _cHarvey S. Rosen. |
| 504 | _aIncludes bibliographical references (p. 609-628) and indexes. | ||
| 906 |
_a7 _bcbc _corignew _d1 _eocip _f19 _gy-gencatlg |
||
| 942 |
_2ddc _cBK |
||
| 999 |
_c43118 _d43118 |
||